| 000 | 00572nam a2200205Ia 4500 | ||
|---|---|---|---|
| 003 | OSt | ||
| 005 | 20240509090111.0 | ||
| 008 | 210210b1969 xxu||||| |||| 00| 0 eng d | ||
| 040 | _cAL | ||
| 041 | _aKannada | ||
| 082 | _aK894.301 INDA | ||
| 100 |
_aINDIRA (M K). _9129428 _dಇಂದಿರಾ (ಎಂ ಕೆ) |
||
| 245 |
_aAmbarada apsare. _bಅಂಬರದ ಅಪ್ಸರೆ |
||
| 260 |
_aBengaluru _bHamsadhvani Prakashana _c1969 |
||
| 300 | _a176 | ||
| 650 |
_aSanna kategalu _9129429 |
||
| 690 |
_aKannada Fiction _9129430 |
||
| 906 | _a028006 | ||
| 942 |
_2ddc _cBK |
||
| 999 |
_c79269 _d79269 |
||